| 000 | 00957cab a2200265 4500 | ||
|---|---|---|---|
| 001 | ABS55583 | ||
| 008 | 090401t1996 xxu||||| |||| 00| 0 eng d | ||
| 035 | _a(Sirsi) u17421 | ||
| 041 | _aeng | ||
| 100 | _aElson, M. | ||
| 245 | _aGreen Belt barrier to affordable housing | ||
| 260 | _c1996 | ||
| 350 | _a0 | ||
| 490 |
_aTown & Country Planning _v65(6) June 1996, 178-179(2) |
||
| 520 | _aDiscusses the results of research funded by the Joseph Rowntree Foundation into the outcome of the exceptions policy in Green Belts. Concludes that the exceptions policy places severe restriction on development in and that new guidance is needed to allow sites to be developed on the edge of towns and villages. | ||
| 650 | _aEXCEPTIONS POLICIES | ||
| 650 | _aGREEN BELT | ||
| 650 | _aPPG3 | ||
| 650 | _aRURAL HOMES | ||
| 650 | _aRURAL HOUSING | ||
| 690 | _aPLANNING LAW AND PRACTICE | ||
| 700 | _aStenberg, C. | ||
| 942 | _n0 | ||
| 948 | _c04/03/1997 | ||
| 999 |
_c11557 _d11557 |
||